[Event "Wiesbaden op 26th"]
[Site "Wiesbaden"]
[Date "2014.08.30"]
[Round "5"]
[White "Kobs, Stephan"]
[Black "Kempfer, Justus"]
[Result "0-1"]
[WhiteElo "1942"]
[BlackElo "1781"]
[PlyCount "56"]
[EventDate "2014.08.28"]
[EventType "swiss"]
[EventRounds "7"]
[EventCountry "GER"]
[SourceTitle "CBM 162 Extra"]
[Source "ChessBase"]
[SourceDate "2014.10.17"]
[SourceVersion "1"]
[SourceVersionDate "2014.10.17"]
[SourceQuality "1"]

1. e4 d5 2. exd5 Qxd5 3. Nc3 Qa5 4. b4 Qxb4 5. Rb1 Qd6 6. d4 Nf6 7. Nf3 a6 8. Bd3 g6 9. 0-0 Bg7 10. Re1 0-0 11. Ne2 Nc6 12. Bf4 Qd8 13. Qd2 b5 14. Bh6 Bg4 15. Ne5 Nxd4 16. Nxg4 Nxg4 17. Bxg7 Kxg7 18. Nxd4 Qxd4 19. Rb4 Qd7 20. Qg5 Nf6 21. Rh4 Qd5 22. Qh6+ Kg8 23. Be4 Qe6 24. Kf1 Qc4+ 25. Bd3 Qxa2 26. Rxe7 Rae8 27. Rxe8 Rxe8 28. g4 Qd5 0-1

[Event "Hessen-ch U18"]
[Site "Bad Homburg"]
[Date "2013.??.??"]
[Round "7"]
[White "Stuhlmann, Florian"]
[Black "Kempfer, Justus"]
[Result "1-0"]
[WhiteElo "1531"]
[BlackElo "1707"]
[PlyCount "89"]
[EventDate "2013.03.??"]
[EventType "swiss"]
[EventRounds "7"]
[EventCountry "GER"]
[SourceTitle "EXT 2014"]
[Source "ChessBase"]
[SourceDate "2013.11.20"]
[SourceVersion "1"]
[SourceVersionDate "2013.11.20"]
[SourceQuality "1"]

1. d4 Nf6 2. c4 g6 3. Nc3 Bg7 4. e4 d6 5. Be2 0-0 6. Bg5 Na6 7. Qd2 c5 8. d5 Rb8 9. Nf3 Qe8 10. 0-0 Nc7 11. Rfe1 a6 12. Rab1 b5 13. b4 cxb4 14. Rxb4 a5 15. Rb3 b4 16. Bxf6 Bxf6 17. Nd1 Na6 18. Qc2 Nc5 19. Rb1 Bd7 20. Nb2 Bc3 21. Rf1 Rb6 22. Bd1 f5 23. e5 dxe5 24. Qe2 Qb8 25. Bc2 e4 26. Nd2 Qe5 27. Nd1 Bd4 28. Re1 g5 29. Nf3 Qf6 30. Nxd4 Qxd4 31. Qe3 Qxc4 32. Bb3 Nxb3 33. Qxb6 Nd2 34. Ne3 Qc8 35. Rbc1 Qe8 36. Qxa5 Qh5 37. Qxb4 Nf3+ 38. gxf3 exf3 39. Qc4 Rf6 40. d6+ Be6 41. Nd5 Bxd5 42. Qxd5+ e6 43. Rc8+ Kg7 44. Qb7+ Kh6 45. Kh1 1-0

[Event "Karl Mala Memorial op 15th"]
[Site "Frankfurt"]
[Date "2012.07.06"]
[Round "3"]
[White "Muckle, Richard"]
[Black "Kempfer, Justus"]
[Result "0-1"]
[WhiteElo "1174"]
[BlackElo "1754"]
[PlyCount "84"]
[EventDate "2012.07.05"]
[EventType "swiss"]
[EventRounds "7"]
[EventCountry "GER"]
[SourceTitle "CBM 149 Extra"]
[Source "ChessBase"]
[SourceDate "2012.08.24"]
[SourceVersion "1"]
[SourceVersionDate "2012.08.24"]
[SourceQuality "1"]

1. d4 Nf6 2. g3 g6 3. Bg2 Bg7 4. Nf3 0-0 5. 0-0 d6 6. e3 Nbd7 7. Nc3 c5 8. dxc5 Nxc5 9. Nd4 Rb8 10. Ndb5 a6 11. Nd4 Bg4 12. Bf3 Bh3 13. Bg2 Qd7 14. Bxh3 Qxh3 15. Qf3 Ne6 16. Nxe6 fxe6 17. Qg2 Qf5 18. e4 Qa5 19. Bd2 b5 20. Rad1 Qb6 21. Be3 Qc7 22. Bd2 b4 23. Qh3 bxc3 24. Qxe6+ Kh8 25. Bxc3 Qd7 26. Qc4 Qh3 27. Bxf6 Bxf6 28. b3 a5 29. a3 Rbc8 30. Qd3 Bb2 31. a4 Ba3 32. Ra1 Bb4 33. Qd4+ e5 34. Qd3 Rc3 35. Qd1 Rcf3 36. Ra2 Bc5 37. c4 h5 38. Qd2 Kg7 39. Qd1 h4 40. Kh1 hxg3 41. fxg3 Rxf1+ 42. Qxf1 Rxf1# 0-1

[Event "Karl Mala Memorial op 15th"]
[Site "Frankfurt"]
[Date "2012.07.05"]
[Round "1"]
[White "Yankelevich, Lev"]
[Black "Kempfer, Justus"]
[Result "1-0"]
[WhiteElo "2147"]
[BlackElo "1754"]
[PlyCount "47"]
[EventDate "2012.07.05"]
[EventType "swiss"]
[EventRounds "7"]
[EventCountry "GER"]
[SourceTitle "CBM 149 Extra"]
[Source "ChessBase"]
[SourceDate "2012.08.24"]
[SourceVersion "1"]
[SourceVersionDate "2012.08.24"]
[SourceQuality "1"]

1. e4 e5 2. Nf3 Nc6 3. Bb5 a6 4. Ba4 Nf6 5. 0-0 Be7 6. d3 b5 7. Bb3 0-0 8. Re1 d6 9. c3 Be6 10. Bc2 Re8 11. d4 exd4 12. Nxd4 Bd7 13. Nd2 Ne5 14. Nf1 Bf8 15. h3 d5 16. exd5 Nxd5 17. Bxh7+ Kxh7 18. Qh5+ Kg8 19. Rxe5 Nf6 20. Qe2 Be7 21. Bg5 c5 22. Nb3 c4 23. Nd4 Qb6 24. Rxe7 1-0

[Event "Rhein Main op-B 15th"]
[Site "Bad Homburg"]
[Date "2012.06.07"]
[Round "2"]
[White "Kempfer, Justus"]
[Black "Lenz, Jonas"]
[Result "0-1"]
[WhiteElo "1717"]
[BlackElo "1928"]
[PlyCount "52"]
[EventDate "2012.06.06"]
[EventType "swiss"]
[EventRounds "7"]
[EventCountry "GER"]
[SourceTitle "EXT 2013"]
[Source "ChessBase"]
[SourceDate "2012.11.22"]
[SourceVersion "1"]
[SourceVersionDate "2012.11.22"]
[SourceQuality "1"]

1. e4 c5 2. c3 d5 3. exd5 Qxd5 4. d4 Nc6 5. Nf3 Bg4 6. Be2 cxd4 7. cxd4 e6 8. Nc3 Qa5 9. 0-0 Nf6 10. h3 Bh5 11. Qb3 Qb4 12. Qd1 Rd8 13. a3 Qb6 14. Be3 Nd5 15. Nxd5 exd5 16. Qa4 Be7 17. b4 0-0 18. Rfd1 Bf6 19. Kh1 Rfe8 20. Rac1 a6 21. g4 Bg6 22. Bxa6 Be4 23. Be2 Nxd4 24. Rd2 Nxe2 25. Bxb6 Bxf3+ 26. Kh2 Be5# 0-1

[Event "Hessen-ch U16"]
[Site "Bad Homburg"]
[Date "2012.??.??"]
[Round "7"]
[White "Kempfer, Justus"]
[Black "Hein, Philipp"]
[Result "0-1"]
[WhiteElo "1717"]
[BlackElo "1296"]
[PlyCount "62"]
[EventDate "2012.04.??"]
[EventType "swiss"]
[EventRounds "9"]
[EventCountry "GER"]
[SourceTitle "EXT 2015"]
[Source "ChessBase"]
[SourceDate "2014.11.20"]
[SourceVersion "1"]
[SourceVersionDate "2014.11.20"]
[SourceQuality "1"]

1. e4 e5 2. Nf3 Nc6 3. Bc4 Nf6 4. Ng5 d5 5. exd5 Na5 6. Bb5+ c6 7. dxc6 bxc6 8. Be2 h6 9. Nf3 e4 10. Ne5 Bc5 11. 0-0 Bf5 12. c3 Bd6 13. f4 Qc7 14. d4 exd3 15. Bxd3 Bxd3 16. Nxd3 0-0-0 17. Qf3 Rhe8 18. b3 Ne4 19. Kh1 g5 20. fxg5 Bxh2 21. Qh3+ Kb7 22. Qxh2 Ng3+ 23. Kg1 Nxf1 24. Nc5+ Kb6 25. Na4+ Kb7 26. Nc5+ Kc8 27. Qh3+ Re6 28. Nxe6 fxe6 29. Qxe6+ Kb7 30. Qf6 Rd1 31. Qf4 Ne3+ 0-1